IFM Opac

The State of Social Welfare, 1997 (Record no. 6998)

MARC details
000 -LEADER
fixed length control field 00657nam a2200229Ia 4500
003 - CONTROL NUMBER IDENTIFIER
control field OSt
005 - DATE AND TIME OF LATEST TRANSACTION
control field 20220819094239.0
008 - FIXED-LENGTH DATA ELEMENTS--GENERAL INFORMATION
fixed length control field 220819b |||||||| |||| 00| 0 eng d
020 ## - INTERNATIONAL STANDARD BOOK NUMBER
International Standard Book Number 184014 8519
040 ## - CATALOGING SOURCE
Transcribing agency IFM Library
082 ## - DEWEY DECIMAL CLASSIFICATION NUMBER
Classification number 361
100 ## - MAIN ENTRY--PERSONAL NAME
Personal name Peter Flora, Philip R. De Jong, Julian Le Gand, Jun-Young Kim(Editors)
9 (RLIN) 1270
245 ## - TITLE STATEMENT
Title The State of Social Welfare, 1997
260 ## - PUBLICATION, DISTRIBUTION, ETC.
Place of publication, distribution, etc. Aldershot:
Name of publisher, distributor, etc. Ashgate
Date of publication, distribution, etc. 1998
260 ## - PUBLICATION, DISTRIBUTION, ETC.
Name of publisher, distributor, etc. Ashgate
260 ## - PUBLICATION, DISTRIBUTION, ETC.
Date of publication, distribution, etc. 1998
300 ## - PHYSICAL DESCRIPTION
Extent xiv, 368 p.
Other physical details ill. ; 22 cm.
490 ## - SERIES STATEMENT
Series statement Vol.4
500 ## - GENERAL NOTE
General note Includes Bibliographical References
650 ## - SUBJECT ADDED ENTRY--TOPICAL TERM
Topical term or geographic name entry element Social Service Public Welfare
9 (RLIN) 1257
942 ## - ADDED ENTRY ELEMENTS (KOHA)
Koha item type Books
Source of classification or shelving scheme Dewey Decimal Classification
Suppress in OPAC No
Holdings
Withdrawn status Lost status Source of classification or shelving scheme Damaged status Not for loan Collection code Home library Current library Shelving location Date acquired Source of acquisition Full call number Barcode Date last seen Price effective from Koha item type
    Dewey Decimal Classification     Non-fiction IFM Main Campus Library IFM Main Campus Library Stack Collection 08/19/2022 Purchase 361 STA 0000014835 05/15/2015 02/19/2022 Books
    Dewey Decimal Classification     Non-fiction IFM Main Campus Library IFM Main Campus Library Stack Collection 08/19/2022 Purchase 361 STA 0000001783 11/02/2015 02/19/2022 Books
    Dewey Decimal Classification     Non-fiction IFM Main Campus Library IFM Main Campus Library Stack Collection 08/19/2022 Purchase 361 STA 0000014838 11/02/2015 02/19/2022 Books
    Dewey Decimal Classification     Non-fiction IFM Main Campus Library IFM Main Campus Library Stack Collection 08/19/2022   361 STA 0000014837 11/02/2015 02/19/2022 Books
    Dewey Decimal Classification     Non-fiction IFM Main Campus Library IFM Main Campus Library Stack Collection 08/19/2022 Purchase 361 STA 0000014836 11/02/2015 02/19/2022 Books